Normal view
MARC view
Entry Personal Name
001 - CONTROL NUMBER
- control field: 5313
003 - CONTROL NUMBER IDENTIFIER
- control field: OSt
005 - DATE AND TIME OF LATEST TRANSACTION
- control field: 20150615141308.0
008 - FIXED-LENGTH DATA ELEMENTS
- fixed length control field: 150615|| aca||aabn | a|a d
040 ## - CATALOGING SOURCE
- Original cataloging agency: OSt
- Transcribing agency: OSt
100 ## - HEADING--PERSONAL NAME
- Personal name: Chaffey, Dave,
- Dates associated with a name: 1963-
670 ## - SOURCE DATA FOUND
- Source citation: Work cat.: (OSt)2048: Business information systems :, 2003.
